<?xml version="1.0" encoding="UTF-8"?>
<collection xmlns:xsi="http://www.w3.org/2001/XMLSchema-instance" xsi:schemaLocation="http://www.loc.gov/MARC21/slim http://www.loc.gov/standards/marcxml/schema/MARC21slim.xsd" xmlns="http://www.loc.gov/MARC21/slim">
 <record>
  <leader>00000nam a22000008i 4500</leader>
  <controlfield tag="001">UP-1685954869149607531</controlfield>
  <controlfield tag="003">Buklod</controlfield>
  <controlfield tag="005">20241009163040.0</controlfield>
  <controlfield tag="006">m    |o  d |      </controlfield>
  <controlfield tag="007">ta</controlfield>
  <controlfield tag="008">241009s2022    nyua   g    b 001 0 eng  </controlfield>
  <datafield tag="020" ind1=" " ind2=" ">
   <subfield code="a">9780367648398</subfield>
   <subfield code="a">(paperback)</subfield>
  </datafield>
  <datafield tag="035" ind1=" " ind2=" ">
   <subfield code="a">22122896</subfield>
  </datafield>
  <datafield tag="040" ind1=" " ind2=" ">
   <subfield code="a">DLC</subfield>
   <subfield code="d">DEDUC</subfield>
   <subfield code="e">rda</subfield>
  </datafield>
  <datafield tag="041" ind1=" " ind2=" ">
   <subfield code="a">eng</subfield>
  </datafield>
  <datafield tag="042" ind1=" " ind2=" ">
   <subfield code="a">DMLUC</subfield>
  </datafield>
  <datafield tag="090" ind1=" " ind2=" ">
   <subfield code="a">LB 1570 </subfield>
   <subfield code="b">C946 2022</subfield>
  </datafield>
  <datafield tag="245" ind1="0" ind2="4">
   <subfield code="a">The curriculum studies reader</subfield>
   <subfield code="c">edited by David J. Flinders and Stephen J. Thornton.</subfield>
  </datafield>
  <datafield tag="250" ind1=" " ind2=" ">
   <subfield code="a">Sixth edition.</subfield>
  </datafield>
  <datafield tag="264" ind1=" " ind2="1">
   <subfield code="a">New York, N.Y.</subfield>
   <subfield code="b">Routledge</subfield>
   <subfield code="c">2022.</subfield>
  </datafield>
  <datafield tag="300" ind1=" " ind2=" ">
   <subfield code="a">xiv, 458 pages </subfield>
   <subfield code="b">Illustrations </subfield>
   <subfield code="a">27 cm.</subfield>
  </datafield>
  <datafield tag="336" ind1=" " ind2=" ">
   <subfield code="a">text</subfield>
   <subfield code="2">rdacontent</subfield>
  </datafield>
  <datafield tag="337" ind1=" " ind2=" ">
   <subfield code="a">unmediated</subfield>
   <subfield code="2">rdamedia</subfield>
  </datafield>
  <datafield tag="338" ind1=" " ind2=" ">
   <subfield code="a">volume</subfield>
   <subfield code="2">rdacarrier</subfield>
  </datafield>
  <datafield tag="504" ind1=" " ind2=" ">
   <subfield code="a">Includes bibliographical references and index.</subfield>
  </datafield>
  <datafield tag="505" ind1="0" ind2=" ">
   <subfield code="a">Part I -- Scientific method in curriculum-making / Franklin Bobbitt -- A critical consideration of the new pedagogy in its relation to modern science / Maria Montessori -- My pedagogic creed / John Dewey -- The public school and the immigrant child / Jane Addams -- Dare the school build a new social order? / George S. Counts -- Outside over there: my book house divides the world / Linda S. Levstik -- Part II -- Basic principles of curriculum and instruction / Ralph W. Tyler -- Man: a course of study / Jerome S. Bruner -- Objectives / W. James Popham -- Educational objectives-help or hindrance? / Elliot W. Eisner -- The daily grind / Philip W. Jackson -- The adult literacy process as cultural action for freedom / Paulo Freire -- Curriculum and consciousness / Maxine Greene -- Part III -- The reconceptualization of curriculum studies / William F. Pinar -- The concept of curriculum potential / Miriam Ben-Peretz -- Implementation as mutual adaptation: change in classroom organization / Milbrey Wallin McLaughlin -- Black curriculum orientations: a preliminary inquiry / William H. Watkins -- How schools shortchange girls: three perspectives on curriculum / American Association of University Women -- Multicultural literacy and curriculum reform / James A. Banks -- Care and coercion in school reform / Nel Noddings -- What does it mean to say a school is doing well? / Elliot W. Eisner (2001) -- Silence on gays and lesbians in social studies curriculum / Thornton (2003) -- Part IV -- Subtractive schooling, caring relations, and social capital in the schooling of U.S.-Mexican youth / Angela Valenzula (2005) -- High-stakes testing and discursive control: the triple bind for non-standard student identities / Wayne W. Au --Teacher experiences of culture in the curriculum / Elaine Chan (2006) -- The bully curriculum: gender, sexualities, and the new authoritarian populism in education / Dennis Carlson -- Complementary curriculum: the work of ecologically minded teachers / Christy M. Moroye -- Moving beyond fidelity expectations: rethinking curriculum reform for controversial topics in post-communist settings / Thomas Misco (2010) -- We are the new oppressed (2012) / Michael W. Apple -- Educational reforms for survival / Chet Bowers -- The future of education in a knowledge society: The radical case for a subject-based curriculum / Michael F D Young -- Identifying your skin is too dark as a put-down: enacting whiteness as hidden curriculum through a bullying prevention programme / Rhianna Thomas -- Renewing the spirit of the liberal arts / Nel Noddings.</subfield>
  </datafield>
  <datafield tag="520" ind1=" " ind2=" ">
   <subfield code="a">In this sixth edition of David J. Flinders and Stephen J. Thornton's ground-breaking anthology, the editors assemble the best in past and present curriculum studies scholarship. From John Dewey's nineteenth-century creed to Nel Noddings' provocative call to revive the spirit of the liberal arts, this thoughtful combination of well-recognized and pivotal work provides a complete survey of the discipline, coupled with concrete examples of innovative curriculum and an examination of current topics. New to this edition is a dynamic set of contemporary and historical contributions tackling issues such as high-stakes testing, multicultural literacy, white supremacy in the curriculum, and climate change. Carefully balanced to engage with the history of curriculum studies while simultaneously looking ahead to its future, The Curriculum Studies Reader continues to be the most authoritative collection in the field&quot;--</subfield>
   <subfield code="c">Provided by publisher.</subfield>
  </datafield>
  <datafield tag="650" ind1=" " ind2="0">
   <subfield code="a">Curriculum change</subfield>
   <subfield code="z">United States.</subfield>
  </datafield>
  <datafield tag="650" ind1=" " ind2="0">
   <subfield code="a">Curriculum planning</subfield>
   <subfield code="z">United States.</subfield>
  </datafield>
  <datafield tag="650" ind1=" " ind2="0">
   <subfield code="a">Education</subfield>
   <subfield code="x">Curricula</subfield>
   <subfield code="z">United States</subfield>
   <subfield code="x">Philosophy.</subfield>
  </datafield>
  <datafield tag="700" ind1="1" ind2=" ">
   <subfield code="a">Thornton, Stephen J.</subfield>
   <subfield code="e">editor.</subfield>
  </datafield>
  <datafield tag="700" ind1="1" ind2=" ">
   <subfield code="a">Flinders, David J.</subfield>
   <subfield code="d">1955-</subfield>
   <subfield code="e">editor.</subfield>
  </datafield>
  <datafield tag="905" ind1=" " ind2=" ">
   <subfield code="a">FO</subfield>
  </datafield>
  <datafield tag="852" ind1="0" ind2=" ">
   <subfield code="a">UPD</subfield>
   <subfield code="b">DEDUC</subfield>
   <subfield code="h">LB 1570</subfield>
   <subfield code="i">C946 2022</subfield>
  </datafield>
  <datafield tag="942" ind1=" " ind2=" ">
   <subfield code="a">Book</subfield>
  </datafield>
 </record>
</collection>
